000 00653cam a22002052 4500
001 0000021015
005 20151021151140.0
008 120109s xx 000 0 eng d
020 _a8175153059 :
040 _aKABU
_cKABU
100 1 _aJaiswal, S.
_@0000156993
245 1 0 _aE-Commerce (Electronic communication for business) :
_bdoing business on the internet /
_cS. Jaiswal.
250 _a2nd Rev. ed.
260 _aNew Delhi :
_bGalgotia,
_c2006.
300 _axxvii, 564 p.
650 0 _aElectronic commerce.
_@0000148142
852 1 _9p885 KES
908 _a120109
950 _@1
999 _c1228
_d1228